[Event "GER GM08-B email"]
[Site "GER email"]
[Date "2019.06.19"]
[Round "?"]
[White "Delizia, Costantino"]
[Black "Pessoa, Francisco Azevedo"]
[Result "1/2-1/2"]
[WhiteElo "2501"]
[BlackElo "2510"]
[PlyCount "55"]
[EventDate "2019.??.??"]
[EventType "tourn (corr)"]
[EventRounds "13"]
[EventCountry "GER"]
[SourceTitle "Corr 2022"]
[Source "ChessBase"]
[SourceDate "2021.10.24"]
[SourceVersion "1"]
[SourceVersionDate "2021.10.24"]
[SourceQuality "1"]

1. c4 e5 2. Nc3 Nf6 3. Nf3 Nc6 4. e4 Bb4 5. d3 d6 6. a3 Bc5 7. b4 Bb6 8. Be3 Bxe3 9. fxe3 Ne7 10. d4 Ng6 11. Bd3 0-0 12. 0-0 a5 13. b5 Re8 14. h3 c6 15. Rc1 Bd7 16. Qd2 Rc8 17. d5 cxd5 18. cxd5 Rc5 19. Qb2 Nh5 20. Qf2 Qc7 21. Ne2 Nf6 22. Nd2 Rc8 23. a4 Rxc1 24. Rxc1 Qb8 25. Nc4 b6 26. Ng3 Ne7 27. Qb2 Be8 28. Qa3 1/2-1/2

[Event "GER GM08-B email"]
[Site "GER email"]
[Date "2019.06.19"]
[Round "?"]
[White "Habermehl, Tobias"]
[Black "Pessoa, Francisco Azevedo"]
[Result "1-0"]
[WhiteElo "2502"]
[BlackElo "2510"]
[PlyCount "53"]
[EventDate "2019.??.??"]
[EventType "tourn (corr)"]
[EventRounds "13"]
[EventCountry "GER"]
[SourceTitle "Corr 2022"]
[Source "ChessBase"]
[SourceDate "2021.10.24"]
[SourceVersion "1"]
[SourceVersionDate "2021.10.24"]
[SourceQuality "1"]

1. e4 c5 2. Nf3 Nc6 3. d4 cxd4 4. Nxd4 Nf6 5. Nc3 e5 6. Ndb5 d6 7. Bg5 a6 8. Na3 b5 9. Nd5 Be7 10. Bxf6 Bxf6 11. c3 Rb8 12. Nc2 Bg5 13. a4 bxa4 14. Ncb4 Nxb4 15. cxb4 0-0 16. Rxa4 a5 17. h4 Bh6 18. b5 Kh8 19. Be2 Bd7 20. Nc3 Rc8 21. Bc4 f5 22. exf5 Bxf5 23. 0-0 Rc5 24. Bb3 g6 25. Bd5 Bd7 26. Qd3 Bd2 27. Qxd2 1-0

[Event "GER GM08-B email"]
[Site "GER email"]
[Date "2019.06.19"]
[Round "?"]
[White "Pessoa, Francisco Azevedo"]
[Black "Tashkov, Rumen"]
[Result "1-0"]
[WhiteElo "2510"]
[BlackElo "2511"]
[PlyCount "109"]
[EventDate "2019.??.??"]
[EventType "tourn (corr)"]
[EventRounds "13"]
[EventCountry "GER"]
[SourceTitle "Corr 2022"]
[Source "ChessBase"]
[SourceDate "2021.10.24"]
[SourceVersion "1"]
[SourceVersionDate "2021.10.24"]
[SourceQuality "1"]

1. e4 d6 2. d4 Nf6 3. Nc3 g6 4. Be3 c6 5. Qd2 Nbd7 6. Nf3 Bg7 7. Bh6 0-0 8. h4 e5 9. h5 Nxh5 10. 0-0-0 Re8 11. dxe5 dxe5 12. g4 Nf4 13. Bxg7 Kxg7 14. Nxe5 Rxe5 15. Qxf4 Qg5 16. Qxg5 Rxg5 17. Be2 Rc5 18. Rd6 g5 19. Nd1 Nf6 20. f3 Be6 21. Ne3 a5 22. b3 Ne8 23. Rd2 b5 24. Kb2 Nf6 25. a3 Rb8 26. Rd6 Ne8 27. Rdd1 Nf6 28. Rd4 Re5 29. Rd6 Rc8 30. Rh2 Ne8 31. Rd2 Nf6 32. Nf1 Nd7 33. Rd6 Nf6 34. Ng3 Kf8 35. Rd4 Ke7 36. Rd1 Rg8 37. c4 b4 38. axb4 axb4 39. Ra1 Rd8 40. Rh6 Nd7 41. Ra7 Kd6 42. Rh1 Kc5 43. Rha1 Kb6 44. R1a6+ Kc5 45. Kc2 Nf8 46. Ra1 Ng6 47. Nf5 Bc8 48. Ra8 Rf8 49. Ne3 Kd6 50. Rb8 Ree8 51. Ra5 Be6 52. Rxb4 Ra8 53. Rba4 Rxa5 54. Rxa5 c5 55. Kc3 1-0